000 01358nam a2200301 a 4500
001 BRCA_3395
005 20190320204248.0
041 _aeng
044 _aenk
084 _a684
_b.R68
_c1908
100 1 _aCervantes Saavedra, Miguel de
_d1547-1616
_9213
245 1 0 _aThat Imaginative Gentleman Don Quijote de la Mancha
_cBy Miguel de Cervantes Saavedra ; Translated into English by Robinson Smith.
260 _aLondres
_bGeorge Routledge
_c1908
300 _a1 v. en 2 partes (xvi, 686 p.)
_c23 cm.
500 _aContenido : Prefacio del traductor. Prólogo del autor. Texto de ambas partes. Apéndice
500 _aTraducción de Robinson Smith. Contiene un breve prefacio y la Vida de Cervantes, con el texto de ambas partes y notas. Edición esmeradamente impresa. Tela Lúdovik Osterc
500 _aIncluye índice : De aventuras, de incidentes, de cartas, histórico o tópicos y de personas
500 _aQM170
546 _aTexto en : inglés
650 1 4 _aNovela española
_yÉpoca clásica, 1500-1700
_9215
650 1 4 _aLiteratura española
_yÉpoca clásica, 1500-1700
_9216
650 1 4 _aNovela española
_ySiglo XVII
_9217
650 1 4 _aDon Quijote (Personaje ficticio)
_eNovela
_9218
700 1 _aSmith, Robinson
_d1876-?
_eTraductor
_98922
740 0 _aEl Ingenioso Hidalgo Don Quijote de la Mancha
902 _aQFM
942 _2lcc
_cB
999 _c3131
_d3131